BIBLIOTHÈQUE DE LA MAISON DU MEXIQUE

Logo 1 Logo 2

La verdadera historia de Camarena (notice nᵒ 195)

détails MARC
000 -Sello discográfico
campo de control de longitud fija 00868nam a2200301 4500
005 - Identificación de versión
campo de control 20251016082035.0
035 ## - Otros números de control del sistema
Número de control del sistema 19748
099 ## - fechas locales
Tipo de ítem Koha LIBRO
100 ## - Datos de procesamiento general
Datos de procesamiento general 19941003d1990 m y1spay5003 ba
105 ## - Campo de datos codificados: Material textual, monográfico
Datos codificados de monografía a 001zy
200 1# - Título y mención de responsabilidad
Título propio La verdadera historia de Camarena
Designación general del material texto impreso
Otra información del título según Hilda Vázquez
Primer mención de responsabilidad Isabel Arvide, Dora Herrera
205 ## - Declaración de edición
Declaración de edición 1a ed
210 ## - Publicación, distribución, etc.
Lugar de publicación, distribución, etc. México
Nombre del editor, distribuidor, etc. Ediciones Argrami
Fecha de publicación, distribución, etc. 1990
215 ## - Descripción física
Designación de material específico y extensión del ítem 174 p
Otras características físicas il.
Dimensiones 21 cm
345 ## - Nota de información de adquisición
Fuente de adquisición/dirección de la suscripción [OBSOLETO] Donación
600 ## - Nombre personal usado como materia
Elemento de entrada Camarena Salazar
Parte del nombre distinta del elemento de entrada Enrique
Fechas 1985
Número Koha 656
606 ## - Término temático usado como materia
Elemento de entrada Tráfico de drogas
Subdivisión geográfica México
Número Koha 657
660 ## - Código de área geográfica
Código MX
700 ## - Nombre personal - Responsabilidad primaria
Elemento de entrada Arvide
Parte del nombre distinta del elemento de entrada Isabel
Fechas 1951-
Número Koha 658
701 ## - Nombre personal - Responsabilidad alternativa
Elemento de entrada Herrera
Parte del nombre distinta del elemento de entrada Dora
Número Koha 659
801 #0 - Fuente de origen
Agencia cm
900 ## -
-- 1/10613
900 ## -
-- 71094157\\\031094
942 ## - ELEMENTOS DE ENTRADA SECUNDARIOS (KOHA)
Tipo de ítem Koha Livre
996 ## -
-- MEX
-- 751145101
-- MMAG
-- 004380
-- 363.45 A795V
-- 20210106LIV
Exemplaires
Estatus retirado Estado de daño Estado de pérdida Fecha de adquisición Biblioteca de origen Biblioteca actual Ubicación en estantería Código de barras Precio de reemplazo Signatura topográfica completa No para préstamo Tipo de ítem Koha Nota pública Nota no pública
      05/08/2025 Casa México Paris Casa México Paris   004380 05/08/2025 363.45 A795V   Livre 20210106LIV 751145101